000 00274nam a2200097Ia 4500
008 201216s9999 xx 000 0 und d
100 _aCohen, Kalma J
245 0 _aTheory of the Firm: Resource Allocation in a Market Economy
260 _aNew Delhi
_bPrentice Hall
300 _a524
999 _c6049
_d6049